00986nam 2200277 4500001000800000005001700008008004100025035002100066906004500087010001700132020001500149040001800164050002000182082000800202100003100210245013800241260006200379300001900441440004400460490003200504504003000536650001900566650003800585991005900623099002600682360773319701202000000.0701124r1970 nyu b 001 0 eng  9(DLC) 72117760 a7bcbccorignewd2encipf19gy-gencatlg a 72117760  a0836918223 aDLCcDLCdDLC00aB802b.B45 197000a1901 aBerlin, Isaiah,cSir,eed.14aThe Age of Enlightenment;bthe eighteenth century philosophers.cSelected, with introd. and interpretive commentary by Isaiah Berlin. aFreeport, N.Y.,bBooks for Libraries Pressc[1970, c1956] a282 p.c23 cm. 4aThe Great ages of Western philosophyv40 aEssay index reprint series. aBibliography: p. 278-280. 0aEnlightenment. 0aPhilosophy, Moderny18th century. bc-GenCollhB802i.B45 1970p00000760572tCopy 1wBOOKS aberlin-age-1072036012